Представление документа в формате RUSMARC

ПолеНазваниеЗначение
  Тип записи a
  Библиографический уровень a
001 Контрольный номер RU/CBS_UL/BASE/589141746
005 Дата корректировки 20240209175228.8
100 Данные общей обработки __
a Данные общей обработки 20180901d2018 ||| 0rusy0189 ca
101 Язык документа 0_
a Язык текста rus
102 Страна публикации __
a Страна публикации RU
105 Кодированные данные (монография) __
a Кодированные данные (монография) y###||||000|y
200 Заглавие и сведения об ответственности 1_
a Заглавие О чем "кричит" спина?
b Общее обозначение материала Текст
e Сведения, относящиеся к заглавию [о психосоматических причинах болезней позвоночника]
f Первые сведения об ответственности Н. Навроцкая
300 Общие примечания __
a Общие примечания Ограничения по возрасту -16+
461 Уровень набора _0
1 2000
a Кудесница
463 Уровень физической единицы _0
1 001RU/CBS_UL/BASE/588940818
1 2000
a № 8
v С. 38-39
1 210
d 2018
606 Тематические рубрики 0_
a Основная рубрика Психосоматика в медицине
610 Ключевые слова 0_
a Ключевые слова болезни позвоночника
610 Ключевые слова 0_
a Ключевые слова невропатологии
610 Ключевые слова 0_
a Ключевые слова вегетативные неврозы
686 Индексы других классификаций __
a Классификационный индекс 56.12
2 Код системы ББК
700 Автор _1
a Фамилия Навроцкая
b Имя (инициалы) Н.
801 Источник записи _0
a Страна RU
b Организация МБУК ЦБС г. Ульяновска
c Дата составления 20180901
g Правила каталогизации RCR
801 Источник записи _1
a Страна RU
b Организация МБУК ЦБС г. Ульяновска
c Дата составления 20180901
g Правила каталогизации RCR
901 Тип документа __
t Тип документа b
w Контрольный № источника RU/CBS_UL/BASE/588940818
910 Корректоры записи __
a Корректор записи Библиотека 7
938 Служебная информация __
a Имя БД period